La minería leonesa del carbón, 1764-1959 (Registro nro. 187008)

Detalles MARC
000 -LEADER
campo de control de longitud fija 00719nam a2200205 i 4500
001 - NÚMERO DE CONTROL
campo de control 187008
003 - IDENTIFICADOR DE NÚMERO DE CONTROL
campo de control SpMaBN
005 - FECHA Y HORA DE LA ÚLTIMA TRANSACCIÓN
campo de control 20230906222809.0
008 - DATOS DE LONGITUD FIJA--INFORMACIÓN GENERAL
campo de control de longitud fija 170327s1993 sp |||| | spa d
020 ## - NÚMERO INTERNACIONAL ESTÁNDAR DEL LIBRO
Número Internacional Estándar del Libro 84-7719-364-9
080 ## - NÚMERO DE LA CLASIFICACIÓN DECIMAL UNIVERSAL
Número de la Clasificación Decimal Universal 338.45(460.181):622.33"17/19"
100 1# - ENTRADA PRINCIPAL--NOMBRE DE PERSONA
Nombre de persona Sen Rodríguez, Luis Carlos.
9 (RLIN) 162196
245 13 - MENCIÓN DEL TÍTULO
Título La minería leonesa del carbón, 1764-1959
Resto del título : una historia económica /
Mención de responsabilidad, etc. Luis Carlos Sen Rodríguez.
260 ## - PUBLICACIÓN, DISTRIBUCIÓN, ETC.
Lugar de publicación, distribución, etc. León :
Nombre del editor, distribuidor, etc. Universidad, Secretariado de Publicaciones,
Fecha de publicación, distribución, etc. 1993.
300 ## - DESCRIPCIÓN FÍSICA
Extensión 371 p. ;
Dimensiones 24 cm.
504 ## - NOTA DE BIBLIOGRAFÍA, ETC.
Nota de bibliografía, etc. Bibliografía: p. 361-371.
650 #7 - PUNTO DE ACCESO ADICIONAL DE MATERIA--TÉRMINO DE MATERIA
Término de materia o nombre geográfico como elemento de entrada Minas de carbón-
Subdivisión geográfica León (Provincia)
9 (RLIN) 162197
710 2# - ENTRADA AGREGADA--NOMBRE DE ENTIDAD CORPORATIVA
Nombre de entidad corporativa o nombre de jurisdicción como elemento de entrada Universidad de León.
9 (RLIN) 7200
852 ## - LOCALIZACIÓN
Ubicación ES-MaACL
Número de control de estantería L-31327
Existencias
Estatus retirado Estado de pérdida Estado de daño No para préstamo Biblioteca de origen Biblioteca actual Ubicación en estantería Fecha de adquisición Fuente de adquisición Total de préstamos Signatura topográfica completa Código de barras Visto por última vez Precio de reemplazo Tipo de ítem Koha
        Biblioteca del Ateneo de Madrid Biblioteca del Ateneo de Madrid Depósito 2 27/03/2017     L-31327 1197290 23/02/2023 23/02/2023 Libro impreso